000 00530cam a2200157 4500
008 150902n 000 0 eng u
022 _a0026-4040
035 _a(Sirsi) a191985
050 _aK1.M5L3
245 _aMILITARY LAW REVIEW.
260 _aCharlottesville
_b Army Judge Advocate General
_c 1980.
310 _aIrregular.
362 _aVol.63-66, No. 27, 1974 - Vol.87-90, No.27, 1980.
520 _aProvides a forum for persons interested in military law to share there exeperiences and research.
650 _aMilitary.
999 _c9803
_d9803